[Event "Titled Tuesday intern op 04th Feb Late"]
[Site "Chess.com INT"]
[Date "2025.02.04"]
[Round "4"]
[White "Eugene, Floryan"]
[Black "Holinka, Henning"]
[Result "1-0"]
[WhiteElo "2468"]
[BlackElo "2291"]
[PlyCount "41"]
[EventDate "2025.02.04"]
[EventType "swiss (blitz)"]
[EventRounds "11"]
[EventCountry "USA"]
[SourceTitle "CB07_2025"]
[SourceDate "2025.02.12"]
[SourceVersion "1"]
[SourceVersionDate "2025.02.12"]
[SourceQuality "1"]

1. f4 f5 2. e4 fxe4 3. d3 Nf6 4. dxe4 Nxe4 5. Bd3 Nf6 6. Nf3 e6 7. 0-0 Bc5+ 8. Kh1 0-0 9. Nc3 d5 10. Qe1 Nc6 11. a3 a6 12. b4 Ba7 13. Bb2 Qe8 14. Ne2 Bd7 15. Qg3 Qh5 16. Ng5 h6 17. Nh7 Kh8 18. Nxf6 gxf6 19. Bg6 Qxe2 20. Rae1 Bf2 21. Qh3 1-0

[Event "Titled Tuesday intern op 04th Feb Late"]
[Site "Chess.com INT"]
[Date "2025.02.04"]
[Round "5"]
[White "Hajiyev, Kanan"]
[Black "Eugene, Floryan"]
[Result "0-1"]
[WhiteElo "2188"]
[BlackElo "2468"]
[PlyCount "102"]
[EventDate "2025.02.04"]
[EventType "swiss (blitz)"]
[EventRounds "11"]
[EventCountry "USA"]
[SourceTitle "CB07_2025"]
[SourceDate "2025.02.12"]
[SourceVersion "1"]
[SourceVersionDate "2025.02.12"]
[SourceQuality "1"]

1. b3 f5 2. Bb2 d6 3. d4 Nf6 4. Nf3 g6 5. g3 Bg7 6. Bg2 0-0 7. 0-0 a5 8. c4 c6 9. Nbd2 Na6 10. a3 Bd7 11. Qc2 b5 12. d5 cxd5 13. cxd5 Rc8 14. Qb1 Nxd5 15. Bxg7 Kxg7 16. Qb2+ Nf6 17. Nd4 e5 18. Nc2 Nc5 19. Ne3 Be6 20. Rfd1 Qe7 21. Rac1 Qf7 22. b4 Na4 23. Qa1 axb4 24. axb4 Rxc1 25. Rxc1 Rc8 26. Rxc8 Bxc8 27. Qc1 Bd7 28. Qc7 Qe7 29. Bc6 Kf7 30. Bd5+ Be6 31. Bxe6+ Kxe6 32. Qc6 Qd7 33. Qa8 Qe8 34. Qb7 Nc3 35. Kf1 Qd7 36. Qa8 f4 37. gxf4 exf4 38. Ng2 g5 39. h4 h6 40. hxg5 hxg5 41. Nf3 Nfe4 42. Nd4+ Kf7 43. f3 Ng3+ 44. Kf2 Nd1+ 45. Ke1 Nc3 46. Kf2 Kg7 47. Nc6 Qf7 48. Nd4 Qc4 49. Nc6 Qxe2+ 50. Kg1 Qf1+ 51. Kh2 Qh1# 0-1

[Event "Titled Tuesday intern op 04th Feb Late"]
[Site "Chess.com INT"]
[Date "2025.02.04"]
[Round "9"]
[White "Pranav, V."]
[Black "Eugene, Floryan"]
[Result "1-0"]
[WhiteElo "2615"]
[BlackElo "2468"]
[PlyCount "55"]
[EventDate "2025.02.04"]
[EventType "swiss (blitz)"]
[EventRounds "11"]
[EventCountry "USA"]
[SourceTitle "CB07_2025"]
[SourceDate "2025.02.12"]
[SourceVersion "1"]
[SourceVersionDate "2025.02.12"]
[SourceQuality "1"]

1. e4 c5 2. Nf3 Nc6 3. Bb5 d6 4. Bxc6+ bxc6 5. 0-0 e5 6. c3 Bg4 7. Re1 Be7 8. h3 Bh5 9. d4 cxd4 10. cxd4 Qc7 11. dxe5 dxe5 12. Nbd2 Nf6 13. Nc4 Nd7 14. Ne3 0-0 15. Nf5 Bf6 16. Qe2 Nc5 17. Qc4 Ne6 18. Nh2 Rfd8 19. Be3 Nd4 20. Rac1 Rac8 21. Ng4 Bxg4 22. hxg4 g6 23. Nh6+ Kf8 24. Bd2 c5 25. g5 Bg7 26. Ba5 Qe7 27. Bxd8 Qxd8 28. Qxf7# 1-0

[Event "Liffre op"]
[Site "Liffre"]
[Date "2024.10.24"]
[Round "8"]
[White "Eugene, Floryan"]
[Black "Nikolov, Momchil"]
[Result "1/2-1/2"]
[WhiteElo "2446"]
[BlackElo "2424"]
[PlyCount "22"]
[EventDate "2024.10.19"]
[EventType "swiss"]
[EventRounds "9"]
[EventCountry "FRA"]
[SourceTitle "CB44_2024"]
[Source "Chessbase"]
[SourceDate "2024.10.30"]
[SourceVersion "1"]
[SourceVersionDate "2024.10.30"]
[SourceQuality "1"]

1. e4 e5 2. Nf3 Nc6 3. Bc4 Bc5 4. d3 Nf6 5. Nc3 h6 6. 0-0 a6 7. a4 d6 8. Be3 0-0 9. h3 Bxe3 10. fxe3 Be6 11. Nd2 Nd7 1/2-1/2

[Event "Liffre op"]
[Site "Liffre"]
[Date "2024.10.22"]
[Round "5"]
[White "Dimitrov, Radoslav"]
[Black "Eugene, Floryan"]
[Result "0-1"]
[WhiteElo "2473"]
[BlackElo "2446"]
[PlyCount "88"]
[EventDate "2024.10.19"]
[EventType "swiss"]
[EventRounds "9"]
[EventCountry "FRA"]
[SourceTitle "CB44_2024"]
[Source "Chessbase"]
[SourceDate "2024.10.30"]
[SourceVersion "1"]
[SourceVersionDate "2024.10.30"]
[SourceQuality "1"]

1. d4 e6 2. Nf3 d5 3. c4 Nf6 4. g3 Bb4+ 5. Bd2 Be7 6. Qc2 0-0 7. Bg2 c6 8. 0-0 Nbd7 9. Bf4 a5 10. Rd1 Ne4 11. Nc3 g5 12. Be3 f5 13. Nxe4 dxe4 14. Ne5 Qc7 15. Qc1 Nxe5 16. dxe5 h6 17. c5 Qxe5 18. Bd4 Qc7 19. Qc3 a4 20. Rac1 Re8 21. Bh8 Bf8 22. Be5 Qa5 23. Qe3 Rd8 24. Rxd8 Qxd8 25. Qc3 Kf7 26. g4 Kg6 27. Qh3 Kh7 28. Qh5 Bg7 29. Bxg7 Kxg7 30. e3 Ra5 31. Bf1 Qe7 32. gxf5 exf5 33. Qd1 Rxc5 34. Qd4+ Re5 35. Qxa4 Rd5 36. Qa8 Be6 37. Qa7 f4 38. a4 Qd7 39. Qb8 Bf7 40. h3 Qf5 41. Bc4 fxe3 42. fxe3 Qxh3 43. Bxd5 Qxe3+ 44. Kh2 Qf2+ 0-1

[Event "Titled Tuesday intern op 17th Sep Early"]
[Site "Chess,com INT"]
[Date "2024.09.17"]
[Round "2"]
[White "Eugene, Floryan"]
[Black "Dicen, Elis Denele"]
[Result "1-0"]
[WhiteElo "2441"]
[BlackElo "2100"]
[PlyCount "67"]
[EventDate "2024.09.17"]
[EventType "swiss (blitz)"]
[EventRounds "11"]
[EventCountry "USA"]
[SourceTitle "EXT 2025"]
[Source "ChessBase"]
[SourceDate "2024.10.14"]
[SourceVersion "1"]
[SourceVersionDate "2024.10.14"]
[SourceQuality "1"]

1. d4 Nf6 2. Nc3 e6 3. Bf4 Bb4 4. Qd3 Bxc3+ 5. Qxc3 Nd5 6. Qd2 Nxf4 7. Qxf4 0-0 8. Nf3 d5 9. 0-0-0 Qe7 10. e3 c5 11. h4 cxd4 12. exd4 Nc6 13. h5 h6 14. g4 Nb4 15. Kb1 Bd7 16. c3 Nc6 17. Bd3 f6 18. Rhe1 e5 19. Qg3 e4 20. Nh4 Qf7 21. Bc2 b5 22. f3 exf3 23. Qxf3 b4 24. Qd3 f5 25. Nxf5 Bxf5 26. gxf5 Qxh5 27. Qb5 Rac8 28. Qxd5+ Kh8 29. Re6 bxc3 30. Rxc6 Rxc6 31. Qxc6 cxb2 32. Qg6 Qe2 33. f6 Rxf6 34. Qh7# 1-0

[Event "Titled Tuesday intern op 17th Sep Late"]
[Site "Chess,com INT"]
[Date "2024.09.17"]
[Round "3"]
[White "Eugene, Floryan"]
[Black "Zou, Chen"]
[Result "0-1"]
[WhiteElo "2441"]
[BlackElo "2449"]
[PlyCount "174"]
[EventDate "2024.09.17"]
[EventType "swiss (blitz)"]
[EventRounds "11"]
[EventCountry "USA"]
[SourceTitle "EXT 2025"]
[Source "ChessBase"]
[SourceDate "2024.10.14"]
[SourceVersion "1"]
[SourceVersionDate "2024.10.14"]
[SourceQuality "1"]

1. e4 c5 2. Nf3 d6 3. Bb5+ Nd7 4. 0-0 a6 5. Bd3 Ngf6 6. Re1 g6 7. c3 Bg7 8. Bf1 e5 9. d4 0-0 10. a4 Re8 11. d5 Qc7 12. Na3 b6 13. b4 Bb7 14. Bd2 Nh5 15. Nc4 b5 16. Na5 c4 17. Be3 h6 18. Nd2 Kh7 19. g3 Nhf6 20. Bg2 Rab8 21. h3 Ng8 22. Qc2 Ne7 23. Ra2 Bc8 24. Rea1 Nb6 25. axb5 axb5 26. h4 h5 27. Nf3 f6 28. Qe2 Bd7 29. Qf1 Qc8 30. Kh2 Bh6 31. Bxh6 Kxh6 32. Bh3 Kg7 33. Bxd7 Qxd7 34. Qd1 Rec8 35. Qd2 Rc7 36. Ne1 Na4 37. Nc2 Nb6 38. Ne3 Rh8 39. Kg2 Kf7 40. Rd1 Rhc8 41. Qe2 Kg7 42. Rad2 Na4 43. Rc1 Ra7 44. Ra2 Nb6 45. Kh2 Rca8 46. Rg1 Rh8 47. Qd2 Kf7 48. Rga1 Rha8 49. Rd1 Rd8 50. Ng2 Kg7 51. Ne1 f5 52. Nf3 fxe4 53. Ng5 Nexd5 54. Nxe4 Qf5 55. Qe2 Rc7 56. Rad2 Nf4 57. gxf4 Qxf4+ 58. Ng3 d5 59. Qe3 Qxh4+ 60. Kg2 Qf6 61. Re2 Re8 62. Qf3 Qg5 63. Qe3 Qf6 64. Kh2 h4 65. Nf1 Rce7 66. Qh3 Qf4+ 67. Kg2 Re6 68. Ne3 d4 69. Ng4 d3 70. Re3 Qg5 71. Kf1 Nd5 72. Rf3 Nxc3 73. Re1 e4 74. Rfe3 Nd5 75. f4 Qxf4+ 76. Kg2 Qg5 77. Kh2 Nf4 78. Qf1 Qxg4 79. Nb7 Nd5 80. Nc5 Nxe3 81. Nxe6+ Qxe6 82. Rxe3 Qe5+ 83. Kh3 Qf5+ 84. Qxf5 gxf5 85. Re1 Kf6 86. Ra1 d2 87. Ra6+ Ke5 0-1

[Event "Titled Tuesday intern op 17th Sep Late"]
[Site "Chess,com INT"]
[Date "2024.09.17"]
[Round "4"]
[White "Kaplan, Avi Harrison"]
[Black "Eugene, Floryan"]
[Result "1-0"]
[WhiteElo "2328"]
[BlackElo "2441"]
[PlyCount "101"]
[EventDate "2024.09.17"]
[EventType "swiss (blitz)"]
[EventRounds "11"]
[EventCountry "USA"]
[SourceTitle "EXT 2025"]
[Source "ChessBase"]
[SourceDate "2024.10.14"]
[SourceVersion "1"]
[SourceVersionDate "2024.10.14"]
[SourceQuality "1"]

1. e4 e6 2. b3 b6 3. Bb2 Bb7 4. Nc3 g6 5. h4 h5 6. Nf3 Bg7 7. Bd3 d6 8. Qe2 Nd7 9. Ng5 Nh6 10. 0-0-0 Qe7 11. f3 Nc5 12. Bb5+ c6 13. Bc4 b5 14. Bd3 a5 15. a3 Ba6 16. b4 Nxd3+ 17. Qxd3 c5 18. Nxb5 Bxb2+ 19. Kxb2 0-0 20. Qxd6 Qb7 21. Nc7 axb4 22. a4 Rad8 23. Qxa6 Qxc7 24. Rhe1 Ra8 25. Qc4 Rfd8 26. d4 Ra5 27. dxc5 Qe5+ 28. Kb3 Rda8 29. Qxb4 Rb8 30. Rd8+ Rxd8 31. Qxa5 Rb8+ 32. Kc4 Nf5 33. exf5 Qd5+ 34. Kc3 e5 35. Re4 gxf5 36. Qc7 Rb7 37. Qxe5 Qa2 38. Qxf5 Kf8 39. Re8+ Kg7 40. Qh7+ Kf6 41. Re6+ fxe6 42. Qxb7 Qa3+ 43. Kd2 Qxa4 44. Ne4+ Ke5 45. Qc7+ Kf5 46. Qf7+ Ke5 47. Qg7+ Kd5 48. Qd7+ Ke5 49. Qxa4 Kf5 50. Qd4 Kf4 51. Qf6# 1-0

[Event "Titled Tuesday intern op 17th Sep Early"]
[Site "Chess,com INT"]
[Date "2024.09.17"]
[Round "4"]
[White "Orzech, Dominik"]
[Black "Eugene, Floryan"]
[Result "0-1"]
[WhiteElo "2248"]
[BlackElo "2441"]
[PlyCount "74"]
[EventDate "2024.09.17"]
[EventType "swiss (blitz)"]
[EventRounds "11"]
[EventCountry "USA"]
[SourceTitle "EXT 2025"]
[Source "ChessBase"]
[SourceDate "2024.10.14"]
[SourceVersion "1"]
[SourceVersionDate "2024.10.14"]
[SourceQuality "1"]

1. Nf3 f5 2. d4 Nf6 3. g3 g6 4. Bg2 Bg7 5. 0-0 0-0 6. b4 d6 7. Bb2 Nc6 8. b5 Na5 9. Nbd2 Ne4 10. Nxe4 fxe4 11. Nd2 d5 12. Bc3 c6 13. Rb1 a6 14. b6 Nc4 15. Nxc4 dxc4 16. Bxe4 Bh3 17. Re1 Qd6 18. Bf3 Rf7 19. Qd2 Raf8 20. Qe3 Qa3 21. Bb4 Qxe3 22. fxe3 Bh6 23. Bd2 e5 24. c3 Re7 25. Rb4 exd4 26. cxd4 c3 27. Bxc3 Bxe3+ 28. Kh1 Bf2 29. Rd1 Bf5 30. d5 c5 31. Rf4 Be3 32. Rh4 g5 33. d6 Rd7 34. Bd5+ Rff7 35. Rh6 Bg6 36. Be6 Kf8 37. Bxd7 Be4# 0-1

[Event "Titled Tuesday intern op 10th Sep Late"]
[Site "Chess,com INT"]
[Date "2024.09.10"]
[Round "8"]
[White "Eugene, Floryan"]
[Black "Mekhitarian, Krikor Sevag"]
[Result "0-1"]
[WhiteElo "2441"]
[BlackElo "2560"]
[PlyCount "84"]
[EventDate "2024.09.10"]
[EventType "swiss (blitz)"]
[EventRounds "11"]
[EventCountry "USA"]
[SourceTitle "EXT 2025"]
[Source "ChessBase"]
[SourceDate "2024.10.14"]
[SourceVersion "1"]
[SourceVersionDate "2024.10.14"]
[SourceQuality "1"]

1. e4 c5 2. Nf3 Nc6 3. d4 cxd4 4. Nxd4 Nf6 5. Nc3 e5 6. Ndb5 d6 7. Bg5 a6 8. Na3 b5 9. Bxf6 gxf6 10. Nd5 Bg7 11. g3 f5 12. Bg2 fxe4 13. Qh5 Be6 14. Bxe4 h6 15. Rd1 0-0 16. Ne3 Nd4 17. c3 b4 18. cxd4 bxa3 19. d5 Bd7 20. b3 Rc8 21. 0-0 Rc3 22. Rc1 Qc7 23. Rxc3 Qxc3 24. Bf5 Bb5 25. Ng4 Qd2 26. Ra1 e4 27. Rb1 Bd3 28. Rf1 Bxf1 29. Kxf1 Qxa2 30. Kg2 Qd2 31. Bxe4 a2 32. Qf5 Re8 33. Qh7+ Kf8 34. Bg6 Qxd5+ 35. Kh3 fxg6 36. Qxg6 a1Q 37. f4 Qe6 38. Qd3 Qd4 39. Qh7 Qf7 40. Kh4 Qe4 41. f5 Qexf5 42. Nxh6 Qxh7 0-1

[Event "Rosenheim GM"]
[Site "Rosenheim"]
[Date "2024.08.15"]
[Round "6"]
[White "Maksimenko, Andrei"]
[Black "Eugene, Floryan"]
[Result "1-0"]
[WhiteElo "2410"]
[BlackElo "2421"]
[PlyCount "105"]
[EventDate "2024.08.12"]
[EventType "tourn"]
[EventRounds "9"]
[EventCountry "GER"]
[EventCategory "8"]
[SourceTitle "CBM 221 Extra"]
[Source "ChessBase"]
[SourceDate "2024.09.30"]
[SourceVersion "1"]
[SourceVersionDate "2024.09.30"]
[SourceQuality "1"]

1. d4 f5 2. c4 Nf6 3. Nc3 e6 4. Qc2 b6 5. e3 Bb7 6. f3 c5 7. d5 Na6 8. e4 Bd6 9. Nb5 Bb8 10. a3 0-0 11. d6 fxe4 12. Bg5 Nb4 13. axb4 a6 14. Nc7 Bxc7 15. dxc7 Qxc7 16. bxc5 exf3 17. Nxf3 Bxf3 18. Bxf6 Bh5 19. Be7 Qf4 20. Ra3 Rf5 21. Bd6 Qd4 22. Bd3 Qe3+ 23. Be2 Qf2+ 24. Kd1 Qxg2 25. Re1 Rf2 26. Re3 bxc5 27. Qe4 Rxe2 28. R1xe2 Qxe4 29. Rxe4 Rc8 30. Re5 Bxe2+ 31. Rxe2 Rc6 32. Rd2 Kf7 33. Rf2+ Kg6 34. Be5 d5 35. Rg2+ Kf5 36. Bxg7 a5 37. Kc2 a4 38. Re2 Ra6 39. Re3 Ra7 40. Bh8 dxc4 41. Re5+ Kg4 42. Rxc5 Kh3 43. Rxc4 Kxh2 44. Kb1 Kg3 45. Be5+ Kf3 46. Ka2 Ra5 47. Bc3 Ra7 48. Rh4 a3 49. b4 Ke2 50. Bd4 Rb7 51. Kxa3 Kd3 52. Kb3 Rb8 53. Bc5 1-0